| 000 | 00377nam a22001577a 4500 | ||
|---|---|---|---|
| 003 | SGT | ||
| 020 | _a978-9387964105 | ||
| 082 |
_a617.632 _bG19V |
||
| 100 | _aVinod .K. Paul | ||
| 245 | _aGHAI Essential Pediatrics | ||
| 250 | _a9th | ||
| 260 |
_aNEW DELHI _bCBS PUBLISHERS AND DISTRIBUTORS PVT LTD _c2019 |
||
| 300 | _a1-798 | ||
| 650 | _aPEDODONTICS | ||
| 942 |
_2ddc _cBK _02 |
||
| 999 |
_c20836 _d20836 |
||